Statystyki dla Harry Potter - Gwardia Dumbledore'a

Kliknij tutaj aby rozwiązać quiz!

Ogólne statystyki

  • Ten quiz został rozwiązany 426 razy
  • Średni wynik to 11 z 26

Statystyki odpowiedzi

Członek Gwardii% Poprawnych
Harry Potter
99%
Hermiona Granger
94%
Ron Weasley
94%
Fred Weasley
87%
George Weasley
86%
Ginny Weasley
85%
Luna Lovegood
84%
Cho Chang
82%
Neville Longbottom
79%
Dean Thomas
54%
Parvati Patil
44%
Padma Patil
42%
Lavender Brown
29%
Lee Jordan
27%
Katie Bell
24%
Colin Creevey
23%
Angelina Johnson
22%
Ernie Macmillan
16%
Hanna Abbott
13%
Alicja Spinnet
11%
Denis Creevey
11%
Michael Corner
7%
Terry Boot
7%
Anthony Goldstein
6%
Nigel Wolpert
5%
Justyn Finch-Fletchley
4%

Rozkład punktacji

Percentyl według liczby udzielonych odpowiedzi

Procent ludzi z każdym wynikiem

Twoja historia wyników

Nie rozwiązałeś tego quizu